[Event "ChessOrg Schachfestival 2024 Bad Wörishofen"]
[White "Steinhart, Matthias"]
[Black "Auterhoff, Juergen"]
[Site "Bad Woerishofen"]
[Round "9.24"]
[Annotator "wempe"]
[Result "1/2-1/2"]
[Date "2024.??.??"]
[WhiteElo "1768"]
[BlackElo "1838"]
[PlyCount "77"]
[GameId "2117312832675995"]
[EventDate "2024.03.16"]

1. e4 e5 2. Nf3 Nf6 3. d4 Nxe4 4. dxe5 d5 5. Nbd2 Nxd2 6. Qxd2 Be7 7. Qf4 Nc6 8. Bd3 Nb4 9. O-O Nxd3 10. cxd3 O-O 11. Qg3 Bf5 12. d4 Bg6 13. Bg5 Bxg5 14. Qxg5 Qxg5 15. Nxg5 h6 16. Nh3 Bf5 17. Nf4 c6 18. Nh5 Bg6 19. Ng3 Rae8 20. f4 f5 21. Rfd1 Re7 22. Rd3 Be8 23. Ra3 b6 24. Rc3 g5 25. Rf1 g4 26. Rfc1 Re6 27. Nh1 h5 28. Nf2 Bd7 29. Nd3 c5 30. Rb3 Rb8 31. Nxc5 Re7 32. Nxd7 Rxd7 33. Rc6 Kg7 34. Rcxb6 Rxb6 35. Rxb6 Rc7 36. Kf2 h4 37. Rb3 Rc2+ 38. Kg1 Rc1+ 39. Kf2 1/2-1/2

[Event "ChessOrg Schachfestival 2024 Bad Wörishofen"]
[White "Halli, Gerhard"]
[Black "Neese, Hans-Joachim"]
[Site "Bad Woerishofen"]
[Round "9.26"]
[Annotator "wempe"]
[Result "1/2-1/2"]
[Date "2024.??.??"]
[WhiteElo "1928"]
[BlackElo "2042"]
[PlyCount "56"]
[GameId "2117313411866798"]
[EventDate "2024.03.16"]

1. d4 Nf6 2. Bg5 e6 3. Nf3 d5 4. e3 Nbd7 5. c4 h6 6. Bh4 g5 7. Bg3 Ne4 8. Bd3 Nxg3 9. hxg3 Bg7 10. Nc3 c6 11. a4 a5 12. Qc2 Qe7 13. Rd1 b6 14. cxd5 exd5 15. O-O O-O 16. Rfe1 Qb4 17. e4 Nf6 18. Na2 Qe7 19. exd5 Qd6 20. dxc6 Be6 21. Nc3 Rac8 22. Bb5 Rfd8 23. Rd2 Nd5 24. Nxd5 Bxd5 25. Rc1 Rc7 26. Qf5 Be6 27. Qe4 Bd5 28. Qd3 Bxc6 1/2-1/2

[Event "ChessOrg Schachfestival 2024 Bad Wörishofen"]
[White "Bachmann, Rolf"]
[Black "Zwick, Hubert"]
[Site "Bad Woerishofen"]
[Round "9.28"]
[Annotator "wempe"]
[Result "0-1"]
[Date "2024.??.??"]
[WhiteElo "1917"]
[BlackElo "2003"]
[PlyCount "54"]
[GameId "2117314368823492"]
[EventDate "2024.03.16"]

1. d4 d5 2. Nf3 Nf6 3. Bf4 Bf5 4. c3 c6 5. Nbd2 Nbd7 6. h3 e6 7. e3 Be7 8. Be2 O-O 9. O-O Ne4 10. Nxe4 Bxe4 11. Nd2 Bg6 12. c4 c5 13. cxd5 exd5 14. Nf3 c4 15. Nd2 b5 16. a3 a5 17. Bf3 Nb6 18. e4 Qd7 19. e5 b4 20. axb4 axb4 21. Rxa8 Rxa8 22. Re1 Qc6 23. Qc1 Ra2 24. Bd1 Qa8 25. Nb1 Ra1 26. Bc2 Qa2 27. Bd2 c3 0-1

[Event "ChessOrg Schachfestival 2024 Bad Wörishofen"]
[White "Nordby, Bernt"]
[Black "Speicher, Franz"]
[Site "Bad Woerishofen"]
[Round "9.29"]
[Annotator "wempe"]
[Result "1/2-1/2"]
[Date "2024.??.??"]
[WhiteElo "1971"]
[BlackElo "1885"]
[PlyCount "31"]
[GameId "2117314938286287"]
[EventDate "2024.03.16"]

1. d4 d5 2. c4 dxc4 3. Nf3 Nf6 4. e3 Bg4 5. Bxc4 e6 6. h3 Bh5 7. O-O Nc6 8. Be2 Bd6 9. Nbd2 O-O 10. b3 e5 11. dxe5 Nxe5 12. Bb2 Qe7 13. Nxe5 Bxe5 14. Bxe5 Qxe5 15. Bxh5 Qxh5 16. Qxh5 1/2-1/2

[Event "ChessOrg Schachfestival 2024 Bad Wörishofen"]
[White "Wulf, Juergen"]
[Black "Barten, Ralf"]
[Site "Bad Woerishofen"]
[Round "9.30"]
[Annotator "wempe"]
[Result "1/2-1/2"]
[Date "2024.??.??"]
[WhiteElo "1885"]
[BlackElo "1963"]
[PlyCount "27"]
[GameId "2117314967720154"]
[EventDate "2024.03.16"]

1. d4 d5 2. c4 c6 3. cxd5 cxd5 4. g3 Nf6 5. Bg2 Nc6 6. Nc3 e6 7. Nf3 Be7 8. Bf4 a6 9. Rc1 O-O 10. O-O Bd7 11. e3 Rc8 12. Ne5 Nxe5 13. Bxe5 Bc6 14. h4 1/2-1/2

[Event "ChessOrg Schachfestival 2024 Bad Wörishofen"]
[White "Lange, Manfred"]
[Black "Van Amerongen-Jansen, Peggy"]
[Site "Bad Woerishofen"]
[Round "9.31"]
[Annotator "wempe"]
[Result "1-0"]
[Date "2024.??.??"]
[WhiteElo "2036"]
[BlackElo "1938"]
[PlyCount "97"]
[GameId "2117722725384272"]
[EventDate "2024.03.16"]

1. d4 d5 2. c4 e6 3. Nf3 Nf6 4. g3 c6 5. Bg2 dxc4 6. O-O b5 7. a4 Bb7 8. Ne5 Nd5 9. Nc3 f6 10. e4 Ne7 11. Ng4 b4 12. Ne2 a5 13. Nf4 Kf7 14. Ne3 Ba6 15. Bh3 e5 16. Be6+ Ke8 17. dxe5 Qxd1 18. Rxd1 fxe5 19. Nh3 h6 20. Ng4 Bc8 21. Bxc8 Nxc8 22. Nxe5 g5 23. Nxc4 Bg7 24. f4 g4 25. Nf2 h5 26. e5 Ne7 27. Nd6+ Kf8 28. Nfe4 Nd5 29. Nf5 Nd7 30. Nxg7 Kxg7 31. b3 Kg6 32. Bb2 h4 33. e6 N7f6 34. Nxf6 Nxf6 35. f5+ Kg5 36. Rf1 hxg3 37. Bc1+ Kh4 38. hxg3+ Kxg3 39. Bf4+ Kh4 40. Kg2 g3 41. Bxg3+ Kg5 42. Rac1 Rac8 43. Rc5 Rcd8 44. Bf4+ Kg4 45. e7 Rdg8 46. Bg3 Nd5 47. Rxd5 cxd5 48. f6 Rc8 49. f7 1-0

[Event "ChessOrg Schachfestival 2024 Bad Wörishofen"]
[White "Hafner, Robert"]
[Black "Hilbenz, Guntram"]
[Site "Bad Woerishofen"]
[Round "9.32"]
[Annotator "wempe"]
[Result "1-0"]
[Date "2024.??.??"]
[WhiteElo "1953"]
[BlackElo "1871"]
[PlyCount "60"]
[GameId "2117727532646510"]
[EventDate "2024.03.16"]

1. d4 d5 2. Nf3 Nf6 3. e3 Bg4 4. Be2 e6 5. b3 c6 6. Bb2 Nbd7 7. Nbd2 h6 8. O-O Be7 9. c4 O-O 10. Qc2 Bf5 11. Bd3 Bxd3 12. Qxd3 a5 13. a3 Qb6 14. Rfb1 Qa6 15. Qf1 b5 16. cxd5 cxd5 17. Rc1 Qb7 18. Rc2 Rfc8 19. Rac1 Rxc2 20. Rxc2 Rc8 21. Rc1 Nb6 22. Ne5 Rxc1 23. Qxc1 Ne4 24. Nxe4 dxe4 25. Qc6 Qxc6 26. Nxc6 Nc8 27. Nxa5 b4 28. axb4 Bxb4 29. Nc4 f5 30. Kf1 g5 1-0

[Event "ChessOrg Schachfestival 2024 Bad Wörishofen"]
[White "Bruchmann, Norbert"]
[Black "Kamm, Guenter"]
[Site "Bad Woerishofen"]
[Round "9.33"]
[Annotator "wempe"]
[Result "0-1"]
[Date "2024.??.??"]
[WhiteElo "2057"]
[BlackElo "1881"]
[PlyCount "51"]
[GameId "2117730144387196"]
[EventDate "2024.03.16"]

1. e4 c5 2. Nc3 Nc6 3. Bb5 g6 4. Bxc6 bxc6 5. d3 Bg7 6. f4 Nf6 7. e5 Nd5 8. Ne4 d6 9. c4 Nc7 10. Nf3 O-O 11. O-O Rb8 12. Kh1 Ne6 13. b3 Nd4 14. Nxd4 cxd4 15. exd6 exd6 16. c5 dxc5 17. Ba3 Qd5 18. Rc1 Rb5 19. Bxc5 Rd8 20. b4 Rb7 21. Qd2 h5 22. Rce1 Be6 23. Qf2 Rbd7 24. Qh4 Qf5 25. Be7 Rc8 26. h3 0-1

[Event "ChessOrg Schachfestival 2024 Bad Wörishofen"]
[White "Heppell, Ian"]
[Black "Bertz, Uwe"]
[Site "Bad Woerishofen"]
[Round "9.34"]
[Annotator "wempe"]
[Result "1/2-1/2"]
[Date "2024.??.??"]
[WhiteElo "1944"]
[BlackElo "1880"]
[PlyCount "27"]
[GameId "2117953325441056"]
[EventDate "2024.03.16"]

1. e4 c5 2. Nf3 d6 3. Bb5+ Bd7 4. Bxd7+ Nxd7 5. O-O g6 6. c3 Ngf6 7. Qe2 Bg7 8. d4 O-O 9. Rd1 Qc7 10. Bg5 h6 11. Bh4 g5 12. Bg3 Nh5 13. Na3 a6 14. Nc4 1/2-1/2

[Event "ChessOrg Schachfestival 2024 Bad Wörishofen"]
[White "Marian, Hartmut"]
[Black "Di Lazzaro, Gabriele"]
[Site "Bad Woerishofen"]
[Round "9.35"]
[Annotator "wempe"]
[Result "1/2-1/2"]
[Date "2024.??.??"]
[WhiteElo "1992"]
[BlackElo "1880"]
[PlyCount "25"]
[GameId "2117956087115839"]
[EventDate "2024.03.16"]

1. d4 d5 2. Bf4 Nf6 3. e3 g6 4. Be2 Bg7 5. h3 O-O 6. Nd2 c5 7. c3 Nc6 8. Ngf3 Nd7 9. O-O e5 10. dxe5 Ndxe5 11. Nxe5 Nxe5 12. Nf3 Nxf3+ 13. Bxf3 1/2-1/2

[Event "ChessOrg Schachfestival 2024 Bad Wörishofen"]
[White "Eschle, Hubert"]
[Black "Gerl, Hans"]
[Site "Bad Woerishofen"]
[Round "9.36"]
[Annotator "wempe"]
[Result "1-0"]
[Date "2024.??.??"]
[WhiteElo "1860"]
[BlackElo "1965"]
[PlyCount "57"]
[GameId "2117956642181193"]
[EventDate "2024.03.16"]

1. e4 c5 2. Nf3 d6 3. d4 cxd4 4. Nxd4 Nf6 5. Nc3 a6 6. Be2 g6 7. O-O Bg7 8. Be3 O-O 9. Kh1 Nbd7 10. f4 e5 11. Nb3 Qe7 12. fxe5 dxe5 13. Bg5 Qe6 14. Qd2 b5 15. a3 Bb7 16. Qe3 Rac8 17. Rad1 h6 18. Bxh6 Bxh6 19. Qxh6 Nxe4 20. Nxe4 Bxe4 21. Bd3 Qc6 22. Bxe4 Qxe4 23. Rxd7 Rxc2 24. Nd2 Qe2 25. Kg1 Rxb2 26. Rfxf7 Qd1+ 27. Nf1 Rxg2+ 28. Kxg2 Qe2+ 29. Kg1 1-0

[Event "ChessOrg Schachfestival 2024 Bad Wörishofen"]
[White "Krasnopeyeva, Yuliya"]
[Black "Pichl, Michael"]
[Site "Bad Woerishofen"]
[Round "9.37"]
[Annotator "wempe"]
[Result "0-1"]
[Date "2024.??.??"]
[WhiteElo "1950"]
[BlackElo "1860"]
[PlyCount "72"]
[GameId "2117956985315411"]
[EventDate "2024.03.16"]

1. e4 c5 2. Nf3 g6 3. d4 cxd4 4. Nxd4 Bg7 5. c4 Nc6 6. Be3 Nf6 7. Nc3 d6 8. Be2 O-O 9. O-O a6 10. Rc1 Bd7 11. h3 Rb8 12. Nb3 b5 13. cxb5 axb5 14. Bxb5 Nxe4 15. Nxe4 Rxb5 16. Nc3 Rb8 17. Qd2 Be6 18. Nd5 Bxd5 19. Qxd5 Nb4 20. Qe4 Nxa2 21. Ra1 Rxb3 22. Rxa2 Rxb2 23. Ra7 e6 24. Rc1 Qb8 25. Rcc7 Rb1+ 26. Kh2 d5 27. Qf4 Rb4 28. Qg3 Re4 29. Bf4 Qb2 30. Rab7 Qd4 31. Bd6 Be5 32. Bxf8 Bxg3+ 33. fxg3 Re1 34. Bc5 Qa1 35. g4 Qe5+ 36. g3 Qe2+ 0-1

[Event "ChessOrg Schachfestival 2024 Bad Wörishofen"]
[White "Willer, Walter"]
[Black "Harsch, Martin"]
[Site "Bad Woerishofen"]
[Round "9.38"]
[Annotator "wempe"]
[Result "1-0"]
[Date "2024.??.??"]
[WhiteElo "1835"]
[BlackElo "1942"]
[PlyCount "33"]
[GameId "2118753762922538"]
[EventDate "2024.03.16"]

1. d4 d5 2. e3 Nf6 3. Be2 Bf5 4. f4 e6 5. Nf3 Nbd7 6. O-O c6 7. Ne5 Bd6 8. Nd2 Qc7 9. c3 O-O 10. g4 Be4 11. g5 Ne8 12. Nxe4 dxe4 13. Qc2 f5 14. Bc4 Nxe5 15. fxe5 Be7 16. Bxe6+ Kh8 17. Rxf5 1-0

[Event "ChessOrg Schachfestival 2024 Bad Wörishofen"]
[White "Lein, Andreas"]
[Black "Bauer, Wolfgang"]
[Site "Bad Woerishofen"]
[Round "9.39"]
[Annotator "wempe"]
[Result "0-1"]
[Date "2024.??.??"]
[WhiteElo "1831"]
[BlackElo "1936"]
[PlyCount "116"]
[GameId "2118754086834253"]
[EventDate "2024.03.16"]

1. d4 d5 2. Nf3 e6 3. g3 Nf6 4. Bg2 c5 5. e3 Nc6 6. O-O Be7 7. Nbd2 O-O 8. Re1 Ne4 9. c4 f5 10. cxd5 exd5 11. Rf1 b6 12. a3 Kh8 13. Nxe4 fxe4 14. Ne5 Nxe5 15. dxe5 Ba6 16. Re1 Bd3 17. Qg4 Qc8 18. Qxc8 Raxc8 19. Bd2 Rfd8 20. f4 exf3 21. Bxf3 Be4 22. Bg4 Rc6 23. Rf1 Kg8 24. e6 Bf6 25. Bc3 d4 26. exd4 cxd4 27. Bb4 Rc2 28. Rf2 d3 29. Rxc2 dxc2 30. e7 Re8 31. Be6+ Kh8 32. Bd7 Bd4+ 33. Kf1 Rxe7 34. Bxe7 Bxb2 35. Re1 c1=Q 36. Rxc1 Bxc1 37. a4 Bd5 38. Bd6 Bc4+ 39. Kf2 Kg8 40. Bb8 a6 41. Ba7 b5 42. axb5 axb5 43. Bd4 b4 44. Bf5 g6 45. Be4 Bd2 46. Bb2 Kf7 47. Kf3 h6 48. h3 Be6 49. g4 Bg5 50. Ke2 Bf6 51. Bxf6 Kxf6 52. Kd2 g5 53. Ke3 Ke5 54. Bc2 b3 55. Bb1 Bc4 56. Kf2 Kf4 57. Bg6 b2 58. Bb1 Bd5 0-1

[Event "ChessOrg Schachfestival 2024 Bad Wörishofen"]
[White "Leser, Alfred"]
[Black "Kastner, Reinhard"]
[Site "Bad Woerishofen"]
[Round "9.40"]
[Annotator "wempe"]
[Result "1-0"]
[Date "2024.??.??"]
[WhiteElo "1825"]
[BlackElo "1934"]
[PlyCount "37"]
[GameId "2118755252740183"]
[EventDate "2024.03.16"]

1. d4 d5 2. Nc3 c6 3. Bf4 e6 4. e4 dxe4 5. Nxe4 Nf6 6. Nxf6+ gxf6 7. Qd2 Bd6 8. Nf3 Bxf4 9. Qxf4 Nd7 10. O-O-O Qa5 11. Kb1 h5 12. Bd3 Qd8 13. Rhe1 Nb6 14. c4 Bd7 15. Nd2 Kf8 16. Ne4 f5 17. Nc5 Qb8 18. Qh4 Be8 19. Qf6 1-0

[Event "ChessOrg Schachfestival 2024 Bad Wörishofen"]
[White "Babenko, Aleksej"]
[Black "Ebner, Hermann"]
[Site "Bad Woerishofen"]
[Round "9.41"]
[Annotator "wempe"]
[Result "1-0"]
[Date "2024.??.??"]
[WhiteElo "1819"]
[BlackElo "1903"]
[PlyCount "45"]
[GameId "2118755534717025"]
[EventDate "2024.03.16"]

1. Nf3 d5 2. c4 Nf6 3. e3 Bg4 4. Be2 c6 5. b3 e6 6. h3 Bh5 7. Bb2 Nbd7 8. O-O Bd6 9. d3 Rc8 10. Nbd2 O-O 11. Re1 Qe7 12. Nh4 Bxe2 13. Qxe2 e5 14. Nf5 Qe6 15. Nxd6 Qxd6 16. cxd5 Nxd5 17. Nc4 Qe7 18. Rac1 f5 19. Ba3 c5 20. d4 b5 21. Nxe5 Nxe5 22. dxc5 b4 23. Bb2 1-0

[Event "ChessOrg Schachfestival 2024 Bad Wörishofen"]
[White "Zwetz, Anita"]
[Black "Storkebaum, Ulrike"]
[Site "Bad Woerishofen"]
[Round "9.43"]
[Annotator "wempe"]
[Result "1-0"]
[Date "2024.??.??"]
[WhiteElo "1887"]
[BlackElo "1802"]
[PlyCount "119"]
[GameId "2118760642523250"]
[EventDate "2024.03.16"]

1. d4 Nf6 2. Nf3 g6 3. c3 Bg7 4. Bg5 O-O 5. Nbd2 d6 6. e3 c5 7. Be2 Nbd7 8. O-O Qc7 9. h3 Re8 10. e4 e5 11. d5 a6 12. c4 Rb8 13. Qa4 h6 14. Be3 Nf8 15. b4 Bd7 16. b5 axb5 17. cxb5 Ra8 18. Qc4 b6 19. a4 g5 20. Nh2 Ng6 21. Rfe1 Nf4 22. Bxf4 exf4 23. Ra3 Re7 24. Nhf3 Ne8 25. Bd3 Qd8 26. Qb3 g4 27. hxg4 Bxg4 28. Nh2 Bh5 29. Bc2 Nf6 30. Nc4 Nxd5 31. Qh3 Nb4 32. Bb1 Bg6 33. Rd1 d5 34. exd5 Bxb1 35. Rxb1 Nc2 36. Ra2 Nd4 37. d6 Re6 38. Nf3 Ne2+ 39. Kh2 Nc3 40. Rbb2 Nxa2 41. Rxa2 Ra7 42. Qf5 Qf6 43. Qd5 Qd8 44. Qc6 Bf8 45. Qxb6 Qxb6 46. Nxb6 Bxd6 47. Nc8 Ra8 48. Nxd6 Rxd6 49. a5 f6 50. Nd2 f5 51. Nc4 Rd4 52. Rc2 Kf8 53. a6 Rd3 54. Nb6 Ra7 55. Rxc5 Kg7 56. Nc8 Ra8 57. Rc7+ Kf6 58. a7 Rb3 59. b6 Ke6 60. b7 1-0

[Event "ChessOrg Schachfestival 2024 Bad Wörishofen"]
[White "Kurpiela, Franz"]
[Black "Schinnerl, Werner"]
[Site "Bad Woerishofen"]
[Round "9.44"]
[Annotator "wempe"]
[Result "1-0"]
[Date "2024.??.??"]
[WhiteElo "1800"]
[BlackElo "1983"]
[PlyCount "51"]
[GameId "2118763393695870"]
[EventDate "2024.03.16"]

1. e4 c5 2. Bc4 e6 3. Nf3 Nc6 4. c3 g6 5. d4 d5 6. exd5 exd5 7. Bb5 a6 8. Bxc6+ bxc6 9. O-O Qd6 10. Re1+ Ne7 11. dxc5 Qxc5 12. Be3 Qd6 13. Bd4 f6 14. b4 h6 15. Qe2 Rh7 16. Bc5 Qc7 17. Nd4 Kd8 18. Nd2 Rb8 19. Ne6+ Bxe6 20. Qxe6 Qd7 21. Nb3 Kc7 22. Nd4 Nf5 23. Bxf8 Rxf8 24. Nxf5 gxf5 25. Qe3 Kb7 26. Qc5 1-0

[Event "ChessOrg Schachfestival 2024 Bad Wörishofen"]
[White "Huber, Helmut"]
[Black "Ellerbrock, Manfred"]
[Site "Bad Woerishofen"]
[Round "9.45"]
[Annotator "wempe"]
[Result "0-1"]
[Date "2024.??.??"]
[WhiteElo "1830"]
[BlackElo "1917"]
[PlyCount "59"]
[GameId "2118764773539976"]
[EventDate "2024.03.16"]

1. Nf3 Nf6 2. d4 b6 3. g3 Bb7 4. Bg2 e6 5. Bg5 Be7 6. Nbd2 h6 7. Bxf6 Bxf6 8. e4 d5 9. e5 Be7 10. O-O c5 11. c3 Nc6 12. Re1 Rc8 13. Qa4 O-O 14. Rac1 a6 15. Nf1 b5 16. Qd1 Qb6 17. Ne3 cxd4 18. cxd4 Bb4 19. Rf1 Na5 20. Rxc8 Rxc8 21. a3 Be7 22. Qe2 Nc4 23. Ng4 b4 24. axb4 Qxb4 25. Rc1 Bc6 26. Rxc4 Qxc4 27. Qe3 Bb4 28. Nxh6+ gxh6 29. Nd2 Qc1+ 30. Bf1 0-1

[Event "ChessOrg Schachfestival 2024 Bad Wörishofen"]
[White "Schmitt, Karl"]
[Black "Moser, Andreas"]
[Site "Bad Woerishofen"]
[Round "9.46"]
[Annotator "wempe"]
[Result "1-0"]
[Date "2024.??.??"]
[WhiteElo "1906"]
[BlackElo "1819"]
[PlyCount "62"]
[GameId "2118764798296210"]
[EventDate "2024.03.16"]

1. d4 g6 2. e4 Bg7 3. Nc3 c5 4. Nf3 cxd4 5. Nxd4 Nc6 6. Be3 d6 7. Qd2 Nf6 8. f3 Bd7 9. Be2 a6 10. O-O O-O 11. Nd5 Nxd4 12. Bxd4 e5 13. Bb6 Nxe4 14. fxe4 Qh4 15. Bf3 Bh6 16. Be3 Bxe3+ 17. Qxe3 f5 18. Nb6 f4 19. Qd2 Rad8 20. Nxd7 Rxd7 21. Qf2 Qd8 22. Bg4 Rg7 23. Rad1 h5 24. Be6+ Kh8 25. Rd3 Re7 26. Bh3 g5 27. Bf5 g4 28. Qh4 Rxf5 29. exf5 e4 30. Qf6+ Kg8 31. Rxd6 Qe8 1-0

[Event "ChessOrg Schachfestival 2024 Bad Wörishofen"]
[White "Flockerzi, Armin"]
[Black "Helbig, Dieter"]
[Site "Bad Woerishofen"]
[Round "9.47"]
[Annotator "wempe"]
[Result "1/2-1/2"]
[Date "2024.??.??"]
[WhiteElo "1817"]
[BlackElo "1905"]
[PlyCount "54"]
[GameId "2118766211322080"]
[EventDate "2024.03.16"]

1. Nf3 c5 2. c4 Nc6 3. b3 Nf6 4. Bb2 e6 5. e3 d6 6. g3 Be7 7. Bg2 O-O 8. d3 Rb8 9. Nbd2 Nb4 10. Qb1 Bd7 11. a3 Nc6 12. O-O a6 13. Qc2 e5 14. d4 exd4 15. exd4 h6 16. Rad1 Qc8 17. dxc5 Bf5 18. Qc1 dxc5 19. Ne5 Bh3 20. Nxc6 bxc6 21. Qc2 Bxg2 22. Kxg2 Ng4 23. h3 Nf6 24. Rfe1 Re8 25. Re3 Bf8 26. Rde1 Rxe3 27. Rxe3 Qd8 1/2-1/2

[Event "ChessOrg Schachfestival 2024 Bad Wörishofen"]
[White "Vonach, Bernhard"]
[Black "Fischer, Johann"]
[Site "Bad Woerishofen"]
[Round "9.48"]
[Annotator "wempe"]
[Result "1-0"]
[Date "2024.??.??"]
[WhiteElo "1881"]
[BlackElo "1733"]
[PlyCount "93"]
[GameId "2118766652952825"]
[EventDate "2024.03.16"]

1. Nf3 c6 2. d4 d5 3. b3 Nf6 4. Bb2 Bf5 5. e3 e6 6. Nbd2 Nbd7 7. Bd3 Bg4 8. h3 Bxf3 9. Nxf3 Bd6 10. O-O O-O 11. c4 Rc8 12. cxd5 exd5 13. Ne5 Bb8 14. f4 c5 15. g4 cxd4 16. exd4 Nxe5 17. fxe5 Nd7 18. Qf3 Qh4 19. Ba3 Rfd8 20. Rae1 g6 21. Qxf7+ Kh8 22. Kg2 Qg5 23. Qf4 Qxf4 24. Rxf4 Rc3 25. Rf3 Kg7 26. Ref1 Bxe5 27. dxe5 Nxe5 28. Bb2 d4 29. Bxc3 Nxf3 30. Ba5 Rd5 31. Rxf3 Rxa5 32. a4 Rd5 33. Bc4 Rd7 34. Kf2 b6 35. Ke2 g5 36. Kd3 Kg6 37. Ke4 Kg7 38. Bd5 Kg6 39. Kxd4 h5 40. Ke5 hxg4 41. hxg4 Rc7 42. Kd6 Rc5 43. Rf8 Rc1 44. Ra8 Rd1 45. Rxa7 Rd4 46. Rb7 Rxg4 47. Rxb6 1-0

[Event "ChessOrg Schachfestival 2024 Bad Wörishofen"]
[White "Hager, Eberhard"]
[Black "Sombetzki, Detlef"]
[Site "Bad Woerishofen"]
[Round "9.50"]
[Annotator "wempe"]
[Result "1/2-1/2"]
[Date "2024.??.??"]
[WhiteElo "1863"]
[BlackElo "1719"]
[PlyCount "36"]
[GameId "2118768306188557"]
[EventDate "2024.03.16"]

1. e4 c5 2. Nf3 d6 3. d4 cxd4 4. Nxd4 Nf6 5. Nc3 a6 6. h3 e5 7. Nb3 Be6 8. Be3 Nbd7 9. Be2 Be7 10. O-O O-O 11. Qe1 Nc5 12. Bf3 Qc7 13. Nxc5 dxc5 14. Qe2 Rfd8 15. Rfd1 Rxd1+ 16. Rxd1 Rd8 17. Bg5 Rd4 18. Be3 Rd8 1/2-1/2

[Event "ChessOrg Schachfestival 2024 Bad Wörishofen"]
[White "Lie, Terje"]
[Black "Sakowski, Christian"]
[Site "Bad Woerishofen"]
[Round "9.51"]
[Annotator "wempe"]
[Result "1/2-1/2"]
[Date "2024.??.??"]
[WhiteElo "1594"]
[BlackElo "1854"]
[PlyCount "82"]
[GameId "2118768624124183"]
[EventDate "2024.03.16"]

1. d4 Nf6 2. c4 g6 3. Nc3 d5 4. Nf3 Bg7 5. Bf4 c6 6. cxd5 Nxd5 7. Nxd5 cxd5 8. Qd2 Nc6 9. e3 O-O 10. Be2 Qa5 11. O-O Qxd2 12. Nxd2 b6 13. Rac1 Bb7 14. a3 Rac8 15. b4 e6 16. Nb3 Rfd8 17. b5 Ne7 18. Rxc8 Rxc8 19. Rc1 Rxc1+ 20. Nxc1 Nc8 21. Nd3 Bf8 22. a4 f6 23. Bc7 Kf7 24. a5 Bd6 25. a6 Bxc7 26. axb7 Nd6 27. Nb4 Nxb7 28. Nc6 Ke8 29. Nxa7 Kd7 30. h3 Nd8 31. f4 Bb8 32. Nc6 Nxc6 33. bxc6+ Kxc6 34. Bg4 e5 35. fxe5 fxe5 36. Kf1 exd4 37. exd4 b5 38. Ke2 h6 39. Kd3 b4 40. Bd1 Bg3 41. Bb3 Kd6 1/2-1/2

[Event "ChessOrg Schachfestival 2024 Bad Wörishofen"]
[White "Svanholm, Borge Waaktaar"]
[Black "Christoffersen, Odd"]
[Site "Bad Woerishofen"]
[Round "9.52"]
[Annotator "wempe"]
[Result "1/2-1/2"]
[Date "2024.??.??"]
[WhiteElo "1838"]
[BlackElo "1701"]
[PlyCount "50"]
[GameId "2118769053905185"]
[EventDate "2024.03.16"]

1. c4 e6 2. d4 Nf6 3. Nf3 d5 4. Nc3 c6 5. e3 Nbd7 6. Bd3 Be7 7. O-O O-O 8. Qe2 dxc4 9. Bxc4 b5 10. Bd3 Bb7 11. e4 a6 12. Rd1 Re8 13. Bg5 Qa5 14. a3 Nf8 15. Be3 Rac8 16. h3 Qc7 17. Rac1 Qb8 18. Rd2 Ng6 19. g3 c5 20. dxc5 Bxc5 21. Rdc2 Bxe3 22. Qxe3 a5 23. Nd1 Rxc2 24. Rxc2 Rd8 25. Nc3 Nf8 1/2-1/2

[Event "ChessOrg Schachfestival 2024 Bad Wörishofen"]
[White "Wagner, Werner"]
[Black "Stein, Eugen"]
[Site "Bad Woerishofen"]
[Round "9.54"]
[Annotator "wempe"]
[Result "1-0"]
[Date "2024.??.??"]
[WhiteElo "1862"]
[BlackElo "1806"]
[PlyCount "85"]
[GameId "2118771988611385"]
[EventDate "2024.03.16"]

1. d4 Nf6 2. Nc3 e6 3. e4 h6 4. Bd3 d6 5. Bf4 Be7 6. Qe2 a6 7. Nf3 Nc6 8. O-O Nb4 9. Bc4 b5 10. Bxb5+ Bd7 11. Bxd7+ Qxd7 12. a3 Nc6 13. Rad1 O-O 14. h3 Nh7 15. d5 Na5 16. e5 Nb7 17. Rfe1 Nd8 18. Qe4 Re8 19. exd6 cxd6 20. Bg3 e5 21. Na4 Qc7 22. c4 Nf6 23. Qe3 Nd7 24. b3 Nb7 25. Nh4 Rab8 26. Nf5 Bg5 27. Qd3 Na5 28. Rb1 Nc5 29. Nxc5 Qxc5 30. h4 Bf6 31. b4 Qxc4 32. Qf3 Nb7 33. Nxh6+ gxh6 34. Qxf6 Qxd5 35. Qxh6 Re6 36. Qe3 f5 37. Qg5+ Kf7 38. Rbc1 Kf8 39. Qxf5+ Kg8 40. Rc7 Re7 41. Rec1 Nd8 42. h5 Nf7 43. h6 1-0

[Event "ChessOrg Schachfestival 2024 Bad Wörishofen"]
[White "Bjorgvik, Jan Arne"]
[Black "Schnell, Franz"]
[Site "Bad Woerishofen"]
[Round "9.55"]
[Annotator "wempe"]
[Result "1-0"]
[Date "2024.??.??"]
[WhiteElo "1858"]
[BlackElo "1800"]
[PlyCount "74"]
[GameId "2118772315582872"]
[EventDate "2024.03.16"]

1. e4 d5 2. exd5 Nf6 3. c4 c6 4. Nc3 cxd5 5. cxd5 Nxd5 6. Bb5+ Nc6 7. Qa4 Qd7 8. Nf3 Qe6+ 9. Qe4 Qxe4+ 10. Nxe4 Bd7 11. Nc5 O-O-O 12. Nxd7 Rxd7 13. Bxc6 bxc6 14. Ne5 Rd6 15. Nxf7 Re6+ 16. Kd1 Rg8 17. Ng5 Rg6 18. Nxh7 Rxg2 19. Ke2 Rh8 20. Nxf8 Rxf8 21. Rf1 Rxh2 22. d3 Nb4 23. Be3 a6 24. Rac1 Kd7 25. Rc4 Nd5 26. Rg4 Rb8 27. b3 Rh7 28. Bd2 c5 29. Rfg1 Nb4 30. Bxb4 Rxb4 31. Rxg7 Rh6 32. R7g6 Rb6 33. Rxb6 Rxb6 34. Rg4 e6 35. Rg7+ Kd6 36. f4 Rb4 37. Ke3 a5 1-0

[Event "ChessOrg Schachfestival 2024 Bad Wörishofen"]
[White "Narr, Irmgard"]
[Black "Ganslmayer, Anton"]
[Site "Bad Woerishofen"]
[Round "9.56"]
[Annotator "wempe"]
[Result "0-1"]
[Date "2024.??.??"]
[WhiteElo "1755"]
[BlackElo "1852"]
[PlyCount "60"]
[GameId "2118773988668119"]
[EventDate "2024.03.16"]

1. e4 c5 2. Bc4 g6 3. c3 Nc6 4. Nf3 Bg7 5. d3 e6 6. Be3 b6 7. Nbd2 Nge7 8. O-O d5 9. exd5 exd5 10. Bb3 O-O 11. Bg5 h6 12. Bf4 g5 13. Bg3 Nf5 14. Ba4 Nxg3 15. fxg3 Bd7 16. Rf2 a6 17. Bb3 d4 18. Ne4 dxc3 19. bxc3 Bg4 20. Qf1 Ra7 21. Rc1 Bxf3 22. Rxf3 Ne5 23. Re3 Kh8 24. h3 f5 25. Nf2 Raf7 26. Qe2 Qc7 27. Kh2 f4 28. gxf4 gxf4 29. Re4 f3 30. Qf1 Ng4+ 0-1

[Event "ChessOrg Schachfestival 2024 Bad Wörishofen"]
[White "Grandl, Klaus"]
[Black "Wunderlich, Frank"]
[Site "Bad Woerishofen"]
[Round "9.58"]
[Annotator "wempe"]
[Result "0-1"]
[Date "2024.??.??"]
[WhiteElo "1726"]
[BlackElo "1843"]
[PlyCount "63"]
[GameId "2118774061843178"]
[EventDate "2024.03.16"]

1. e4 g6 2. d4 Bg7 3. Nf3 d6 4. h3 Nf6 5. Bd3 c5 6. d5 c4 7. Bxc4 Nxe4 8. O-O O-O 9. Nbd2 Nc5 10. Rb1 Nba6 11. c3 Bf5 12. Ra1 Bd3 13. Re1 Rc8 14. Re3 Bxc4 15. Nxc4 b5 16. Ncd2 Bh6 17. Re2 Nd3 18. Nb3 Nxc1 19. Nxc1 b4 20. Qe1 bxc3 21. bxc3 Bg7 22. Nd4 Qa5 23. Ncb3 Qxd5 24. Rxe7 Nc5 25. Rd1 Qc4 26. Re3 Qa4 27. Re2 Rfe8 28. f3 Rxe2 29. Qxe2 Re8 30. Qd2 Qa6 31. Kf2 h5 32. Re1 0-1